000 00485nam a2200193Ia 4500
005 20250508154111.0
008 008 250505s9999 xx 000 0 eng d
020 _a81-250-0074-7
037 _aTextual
040 _aFEDL
_beng
_cFEDL
041 _aeng
_2eng
084 _aB, BEE
_qFEDL
100 _aPryce-Jones Alan
245 0 _aBeethoven
260 _aNew York, USA
_bCollier Books
_c1962
300 _a125p
942 _cTEXL
_hB, BEE
999 _c1347622
_d1347622